| 000 | 00418nam a2200157Ia 4500 | ||
|---|---|---|---|
| 008 | 220803s9999 xx 000 0 und d | ||
| 020 | _a9781864704952 | ||
| 041 | _aeng | ||
| 082 | _a720.28 | ||
| 100 |
_aFortmeyer R. _926521 |
||
| 245 | _aKinetic Architecture : Designs For Active Envelopes. | ||
| 260 |
_aBastow _bImages Publishing _c2014 |
||
| 300 | _a224p | ||
| 500 | _a30 | ||
| 650 |
_aDigital Architecture _926522 |
||
| 999 |
_c16964 _d16964 |
||